Drifting Symmetries: Projects, Provocations, And Other Enduring Models (Record no. 14309)

000 -LEADER
fixed length control field 00298nam a2200109Ia 4500
008 - FIXED-LENGTH DATA ELEMENTS--GENERAL INFORMATION
fixed length control field 260210s9999 xx 000 0 und d
020 ## - INTERNATIONAL STANDARD BOOK NUMBER
International Standard Book Number 9783038603788
100 ## - MAIN ENTRY--PERSONAL NAME
Personal name Park Books
245 #0 - TITLE STATEMENT
Title Drifting Symmetries: Projects, Provocations, And Other Enduring Models
260 ## - PUBLICATION, DISTRIBUTION, ETC.
Name of publisher, distributor, etc. Park Books
942 ## - ADDED ENTRY ELEMENTS (KOHA)
Koha item type UG Books
Holdings
Withdrawn status Lost status Source of classification or shelving scheme Damaged status Not for loan Permanent Location Current Location Shelving location Date acquired Full call number Barcode Date last seen Price effective from Koha item type
          BMS College of Architecture, Design and Planning BMS College of Architecture, Design and Planning General Stacks 2025-12-17 530.143 AR-UG5226 2026-02-10 2026-02-10 UG Books
Copyright © 2025, The Librarian, Library and Information Centre, BMSCA D&P, Bengaluru. All Rights Reserved
web counter

Powered by Koha